000 00765nam a2200277Ia 4500
001 C0094
003 IT-RoPAU
008 130308s9999 xx 000 0 und d
040 _aIT-RoPAU
040 _cIT-RoPAU
041 _aITALIANO
100 _aZappella Giuseppina
100 _gCodice Aut. SPICS: 39794
245 _aTipografi e il mondo classico (I)
245 _bStampa in Italia nel Cinquecento (La)-Volume I
250 _a1a ed.
260 _aROMA
260 _bBulzoni
260 _c1992 [1° Ed.:1992 - Ed.Ling.Originale:1992]
300 _a"26 p. (prefazione: no ; testo: 26 [pagine: 401-426])"
650 _aSTORIA NAZIONALE DELLA STAMPA DI MASSA
650 _eCodice materia Spics: 6659
942 _cBK
957 _71
999 _c82774
_d82774
999 _g1